[Event "Cez Cup GM 2011"]
[Site "Frydek Mistek CZE"]
[Date "2011.04.19"]
[Round "2"]
[White "Straka,Jos"]
[Black "Kriebel,T"]
[Result "1/2-1/2"]
[WhiteElo "2304"]
[BlackElo "2296"]

1.d4 Nf6 2.Nf3 d5 3.c4 e6 4.Nc3 Be7 5.Bf4 O-O 6.e3 Nbd7 7.cxd5 Nxd5 8.Nxd5 exd5
9.Bd3 Nf6 10.Qc2 c5 11.dxc5 Qa5+ 12.Nd2 Be6 13.Ke2 Rac8 14.Nb3 Qa4 15.Rhc1 h6
16.Qc3 Ne4 17.Qd4 Qd7 18.f3 Nf6 19.Rc2 Nh5 20.Be5 f6 21.Bd6 Bxd6 22.cxd6 Rxc2+
23.Bxc2 Qxd6 24.Qh4 Qe5 25.Bg6 Bf7 26.Qxh5 Qxh5 27.Bxh5 Bxh5 28.Rc1 Rf7 29.Rc8+ Rf8
30.Rc5 b6 31.Rxd5 Bf7 32.Rd7 a5 33.Rb7 a4 34.Nd4 Bxa2 35.Rxb6 Ra8 36.g4 a3
37.bxa3 Rxa3 38.Kf2 Ra7 39.h4 Kf7 40.Nc6 Rd7 41.Rb7 Rxb7 42.Nd8+ Kg6 43.Nxb7 h5
44.Nd6 hxg4 45.fxg4 Be6 46.Kg3 Kh6 47.Ne4 Kg6 48.Kf4 Bxg4 49.Nxf6 Be6 50.Ne4 Kh5
51.Ng5 Bd5 52.Kg3 Bc4 53.e4 Bb3 54.e5 Bd5 55.Nf3 Kg6 56.Nd4 Kh5 57.Nf3 Kg6
58.Nd4 Kh5 59.e6 g5 60.hxg5 Kxg5 61.e7 Bf7 62.Nc6 Be8 63.Nd8 Kf6 64.Kf4 Kxe7  1/2-1/2

[Event "Joao Braga Open"]
[Site "Sao Paolo BRA"]
[Date "2011.04.22"]
[Round "4.6"]
[White "Leitao,R"]
[Black "Egoroff,J"]
[Result "1-0"]
[WhiteElo "2620"]
[BlackElo "2273"]

1.d4 d5 2.c4 e6 3.Nf3 Nf6 4.Nc3 Be7 5.Bf4 O-O 6.a3 b6 7.cxd5 Nxd5 8.Nxd5 exd5
9.e3 c5 10.Bb5 Be6 11.O-O a6 12.Ba4 b5 13.Bc2 c4 14.Ne5 Bf6 15.Qh5 g6 16.Qf3 Bg7
17.a4 f6 18.Nxg6 hxg6 19.Bxg6 Qd7 20.Qh5 Rd8 21.axb5 Qxb5 22.Qh7+ Kf8 23.Bh6 Qd7
24.Qh8+ Bg8 25.Bh7 Bxh6 26.Qxg8+ Ke7 27.Qg6 Bf8 28.Bg8 Qe8 29.Qh7+ Kd6 30.Ra5 Kc6
31.Qf5 Kb6 32.Rxd5 Bd6 33.Qxf6 Qxg8 34.Rxd6+ Rxd6 35.Qxd6+ Kb7 36.Qb4+ Kc7
37.Rc1 Nc6 38.Qc5 Rd8 39.Rxc4 Qd5 40.Qa7+ Kd6 41.Qxa6  1-0

[Event "V New Open Lugano"]
[Site "Lugano SUI"]
[Date "2011.04.23"]
[Round "2.6"]
[White "Stella,A"]
[Black "Brunello,M"]
[Result "1-0"]
[WhiteElo "2364"]
[BlackElo "2175"]

1.Nf3 Nf6 2.c4 e6 3.Nc3 d5 4.d4 Be7 5.Bf4 Nbd7 6.e3 dxc4 7.Bxc4 Nb6 8.Bb3 O-O
9.O-O Nbd5 10.Bg3 Bd7 11.Ne5 Be8 12.Qf3 Rc8 13.Rfd1 c6 14.Na4 Nd7 15.e4 N5f6
16.Nc5 Qb6 17.Nc4 Qb4 18.a3 Qb5 19.Nd6 Bxd6 20.Bxd6 Nxc5 21.Bxc5  1-0

[Event "Oberhausen Easter Open"]
[Site "Oberhausen GER"]
[Date "2011.04.23"]
[Round "3.1"]
[White "Fridman,D"]
[Black "Mazarov,J"]
[Result "1-0"]
[WhiteElo "2661"]
[BlackElo "2164"]

1.d4 Nf6 2.Nf3 e6 3.c4 d5 4.Nc3 Be7 5.Bf4 c6 6.e3 Nbd7 7.Qc2 O-O 8.h3 dxc4
9.Bxc4 b5 10.Bd3 Bb7 11.O-O a6 12.e4 h6 13.e5 Nd5 14.Nxd5 exd5 15.Bf5 c5
16.e6 fxe6 17.Bxe6+ Kh8 18.Bxd7 Qxd7 19.Ne5  1-0

[Event "V New Open Lugano"]
[Site "Lugano SUI"]
[Date "2011.04.24"]
[Round "4.10"]
[White "Altyzer,L"]
[Black "Medici,Simone"]
[Result "1-0"]
[WhiteElo "2130"]
[BlackElo "2052"]

1.d4 Nf6 2.Nf3 d5 3.c4 e6 4.Nc3 Be7 5.Bf4 a6 6.e3 O-O 7.Qc2 Nbd7 8.cxd5 exd5
9.g4 c6 10.g5 Nh5 11.Bd3 g6 12.O-O-O Nxf4 13.exf4 Bd6 14.Ne2 Re8 15.h4 Nf8
16.Rdg1 Qa5 17.Kb1 c5 18.dxc5 Bxc5 19.h5 Be6 20.hxg6 fxg6 21.f5 Bxf5 22.Bxf5 gxf5
23.Ned4 Bxd4 24.Nxd4 Re4 25.Nxf5 Rae8 26.a3 Qb6 27.Ng3 Rc4 28.Qd2 Rd4 29.Qc3 Qg6+
30.Ka1 Rd3 31.Qb4 Qf7 32.Nh5 Re2 33.Nf6+ Kh8 34.Qxf8+  1-0

[Event "ch-USA w KO"]
[Site "Saint Louis USA"]
[Date "2011.04.24"]
[Round "1.2"]
[White "Krush,I"]
[Black "Zatonskih,A"]
[Result "1-0"]
[WhiteElo "2472"]
[BlackElo "2499"]

1.d4 d5 2.c4 e6 3.Nc3 Be7 4.Nf3 Nf6 5.Bf4 O-O 6.e3 Nbd7 7.c5 Nh5 8.Be5 c6
9.h3 Nxe5 10.Nxe5 Nf6 11.Bd3 Nd7 12.Nxd7 Bxd7 13.O-O e5 14.dxe5 Qc7 15.f4 Bxc5
16.Kh1 g6 17.Rc1 a5 18.a3 a4 19.Rf3 f6 20.exf6 Rxf6 21.Nxa4 Ba7 22.Nc3 Qd6
23.Qb3 Rff8 24.Rcf1 Be6 25.Qc2 Rae8 26.Bxg6 Qd7 27.Bxe8 Rxe8 28.Ne2 d4 29.Nxd4 Bxd4
30.exd4 Bd5 31.Rg3+ Kh8 32.f5 Qd6 33.Qf2 Qf6 34.Re1 Rf8 35.Qf4 Rg8 36.Qe5 Qxe5
37.Rxg8+  1-0

[Event "15th Neckar Open"]
[Site "Deizisau GER"]
[Date "2011.04.25"]
[Round "8"]
[White "Bindrich,F"]
[Black "Fedorovsky,M"]
[Result "1-0"]
[WhiteElo "2523"]
[BlackElo "2411"]

1.Nf3 Nf6 2.c4 e6 3.Nc3 d5 4.d4 Be7 5.Bf4 O-O 6.e3 b6 7.Rc1 Bb7 8.cxd5 Nxd5
9.Nxd5 Qxd5 10.a3 c5 11.Bc4 Qd8 12.dxc5 bxc5 13.O-O Nd7 14.Ne5 Nxe5 15.Bxe5 Qxd1
16.Rfxd1 Rfd8 17.f3 Bd5 18.Be2 Bb3 19.Rxd8+ Rxd8 20.Kf2 f6 21.Bc3 Kf7 22.Ke1 e5
23.e4 Be6 24.Bd2 Rb8 25.Rc2 Ke8 26.Bc1 Kd7 27.Bc4 Bxc4 28.Rxc4 Kc6 29.Kd2 Rd8+
30.Kc2 Kb5 31.b3 Rd4 32.Rc3 a6 33.Be3 Rd7 34.a4+ Kb6 35.b4 Rc7 36.Kb3 Rc8
37.Kc4 a5 38.bxc5+ Bxc5 39.Rb3+  1-0

[Event "17th Asian Cities"]
[Site "Jakarta INA"]
[Date "2011.04.25"]
[Round "4.7"]
[White "Thejkumar,M"]
[Black "Wong Meng Kong"]
[Result "1-0"]
[WhiteElo "2458"]
[BlackElo "2358"]

1.d4 d5 2.c4 e6 3.Nc3 Be7 4.Nf3 Nf6 5.Bf4 O-O 6.e3 c6 7.Rc1 Nbd7 8.a3 Re8
9.Bd3 Nf8 10.h3 dxc4 11.Bxc4 Nd5 12.Bg3 Nxc3 13.Rxc3 Bd6 14.Bxd6 Qxd6 15.O-O Bd7
16.e4 Qe7 17.e5 Rec8 18.Nd2 c5 19.d5 exd5 20.Bxd5 Bc6 21.Nc4 Rd8 22.Rd3 Bxd5
23.Rxd5 Rxd5 24.Qxd5 Rd8 25.Nd6 b6 26.f4 Qe6 27.Qb7 Rd7 28.Qa8 Qb3 29.Rf3 Qxb2
30.Kh2 Qd4 31.Nf5 Rd8 32.Qxa7 Qd7 33.Qxb6 Rc8 34.Nd6 Rc6 35.Qb3 Qe6 36.Qxe6 Nxe6
37.Rb3 g6 38.Kg3 Ra6 39.f5 gxf5 40.Nxf5 Ra8 41.Kg4 Nf8 42.Rb7 Rxa3 43.Kg5 Ne6+
44.Kf6 Nf8 45.Ne7+ Kh8 46.Rb8 Ra6+ 47.Kxf7  1-0

[Event "V New Open Lugano"]
[Site "Lugano SUI"]
[Date "2011.04.25"]
[Round "6.16"]
[White "Di Trapani,Luigi"]
[Black "Wipf,Armin"]
[Result "1-0"]
[WhiteElo "1575"]
[BlackElo "1501"]

1.d4 d5 2.c4 e6 3.Nc3 Nf6 4.Nf3 Be7 5.Bf4 O-O 6.e3 b6 7.Be2 Bb7 8.O-O Nbd7
9.cxd5 Nxd5 10.Bg3 Nxc3 11.bxc3 Nf6 12.a4 c5 13.Qd3 Rc8 14.Rfc1 h6 15.h3 c4
16.Qb1 Ne4 17.Bh2 Bd6 18.Qa2 Bxh2+ 19.Nxh2 Qg5 20.Bf3 f5 21.Qc2 Rc7 22.Rcb1 Rcf7
23.a5 Nd6 24.axb6 axb6 25.Rxb6 Ne4 26.Rxe6 Bc8 27.Re5 Qh4 28.Rf1 g5 29.Be2 Bb7
30.Bxc4  1-0

[Event "17th Asian Cities"]
[Site "Jakarta INA"]
[Date "2011.04.28"]
[Round "9.2"]
[White "Kotsur,P"]
[Black "Ghader Pour,S"]
[Result "0-1"]
[WhiteElo "2562"]
[BlackElo "2241"]

1.d4 Nf6 2.c4 e6 3.Nf3 d5 4.Nc3 Be7 5.Bf4 O-O 6.e3 Nbd7 7.c5 c6 8.h3 b6 9.b4 Bb7
10.Be2 Qc8 11.O-O a5 12.a3 Ba6 13.Re1 Qb7 14.Rb1 Bxe2 15.Qxe2 axb4 16.axb4 Ra3
17.Qc2 h6 18.Nd2 Rfa8 19.Nb3 Qa6 20.Rec1 Qb7 21.Bg3 Ne8 22.Rb2 R3a7 23.e4 dxe4
24.Nxe4 Ndf6 25.Nd6 Bxd6 26.cxd6 Nd5 27.Qxc6 Rd8 28.Nd2 Qd7 29.Ne4 f5 30.f3 Qxc6
31.Rxc6 Ra1+ 32.Kh2 fxe4 33.fxe4 Ne3 34.Rf2 Nf1+ 35.Rxf1 Rxf1 36.e5 g5 37.h4 Ng7
38.hxg5 hxg5 39.Kh3 Nf5 40.d5 Rh1+ 41.Kg4 Ne3+ 42.Kxg5 Nxd5 43.Bh4 Kf7 44.g3  0-1

[Event "Luebeck GM"]
[Site "Luebeck GER"]
[Date "2011.04.28"]
[Round "4"]
[White "Epishin,V"]
[Black "Von Herman,U"]
[Result "1/2-1/2"]
[WhiteElo "2567"]
[BlackElo "2395"]

1.d4 Nf6 2.c4 e6 3.Nf3 d5 4.Nc3 Be7 5.Bf4 O-O 6.e3 Nbd7 7.Rc1 c5 8.dxc5 Nxc5
9.cxd5 Nxd5 10.Nxd5 exd5 11.a3 Bg4 12.Be5 Ne6 13.Be2 Bf6 14.Bxf6 Qxf6 15.Qd2 Rfd8
16.h3 Bxf3 17.Bxf3 Ng5 18.Bg4 d4 19.O-O Qg6 20.f4 Ne4 21.Qd3 f5 22.Bf3 Qb6
23.Qc4+ Kh8 24.Bxe4 fxe4 25.exd4 Rxd4 26.Qc7 Qxb2 27.Rb1 Qxa3 28.Rxb7 Rg8
29.f5 Qd6 30.Rxa7 Qxc7 31.Rxc7 Re8 32.Re1 Rd5 33.Rxe4 Rf8 34.Ree7 Rdxf5 35.Rxg7 Rh5
36.Kh2 Rh6 37.Rgd7 Ra8 38.g4 Ra2+ 39.Kg3 Ra3+ 40.Kf4 Ra8 41.Rd3 Rf6+ 42.Ke5 Rff8
43.Rdd7 Rae8+ 44.Re7 Rxe7+ 45.Rxe7 Kg8 46.g5 Rf3 47.h4 Rh3 48.h5 h6 49.Kf6 Rf3+
50.Kg6 hxg5 51.h6 Rf8 52.Kxg5 Ra8 53.Kf6 Ra6+ 54.Re6 Rxe6+ 55.Kxe6 Kh7 56.Kf5 Kxh6  1/2-1/2

[Event "43rd TCh-ITA 2011"]
[Site "Spoleto ITA"]
[Date "2011.05.01"]
[Round "7"]
[White "Stella,A"]
[Black "Rombaldoni,Ax"]
[Result "0-1"]
[WhiteElo "2364"]
[BlackElo "2449"]

1.d4 d5 2.c4 e6 3.Nf3 Nf6 4.Nc3 Be7 5.Bf4 a6 6.c5 b6 7.cxb6 cxb6 8.e3 b5
9.Bd3 Nbd7 10.O-O Bb7 11.a4 b4 12.Nb1 a5 13.Nbd2 O-O 14.Rc1 Qb6 15.Bb5 Rfc8
16.Qe2 Bc6 17.Bxc6 Rxc6 18.Nb3 Ne4 19.Ne5 Nxe5 20.Bxe5 f6 21.Bf4 Rac8 22.Rxc6 Qxc6
23.f3 Qc4 24.Qxc4 dxc4 25.Rc1 Nc3 26.bxc3 cxb3 27.c4 Rxc4 28.Rb1 Rc2 29.Rxb3 Ra2  0-1

[Event "TCh-POL Ekstraliga"]
[Site "Wroclaw POL"]
[Date "2011.05.08"]
[Round "3.3"]
[White "Bartel,Mat"]
[Black "Kuzmicz,K"]
[Result "1-0"]
[WhiteElo "2608"]
[BlackElo "2434"]

1.d4 d5 2.c4 e6 3.Nc3 Nf6 4.Nf3 Be7 5.Bf4 O-O 6.a3 a6 7.e3 Nbd7 8.c5 Nh5
9.Bd3 c6 10.Qc2 h6 11.Be5 Nxe5 12.dxe5 f5 13.Na4 Qc7 14.h4 Bd7 15.Qc3 Be8
16.O-O-O g6 17.Bc2 Bd8 18.Qd4 f4 19.Nh2 Bxh4 20.g3 Bg5 21.gxf4 Nxf4 22.Rd2 Qg7
23.Kb1 Nh5 24.Rg1 Rc8 25.Ng4 Rc7 26.Nb6 Kh8 27.Re2 Rf3 28.Nh2 Rh3 29.f4 Bh4
30.Reg2 Ng3 31.Ng4 Rf7 32.Nc8 Nf5 33.Bxf5 exf5 34.Nd6 Rf8 35.Nf6 Bxf6 36.exf6 Qxf6
37.Qxf6+ Rxf6 38.Nxe8 Re6 39.Nd6 Kh7 40.Nxf5 h5 41.Nd4 Rf6 42.f5  1-0

[Event "ch-CAN"]
[Site "Guelph CAN"]
[Date "2011.05.09"]
[Round "6"]
[White "Panjwani,R"]
[Black "Plotkin,V"]
[Result "1-0"]
[WhiteElo "2413"]
[BlackElo "2245"]

1.d4 Nf6 2.c4 e6 3.Nf3 d5 4.Nc3 Be7 5.Bf4 O-O 6.e3 c5 7.dxc5 Bxc5 8.Qc2 Nc6
9.a3 Qe7 10.Rd1 Rd8 11.b4 Bb6 12.c5 Bc7 13.Bxc7 Qxc7 14.Nb5 Qe7 15.Nd6 a6
16.Bd3 h6 17.e4 dxe4 18.Bxe4 Nxe4 19.Qxe4 f5 20.Qc4 Kh7 21.h4 Qf6 22.Kf1 Ne5
23.Nxe5 Qxe5 24.f4 Qb2 25.Rh3 Bd7 26.Qd4 Qxd4 27.Rxd4 Bc6 28.Rhd3 a5 29.Kf2 axb4
30.axb4 Ra2+ 31.Rd2 Rda8 32.b5 Bd5 33.Rxa2 Rxa2+ 34.Ke3 Bxg2 35.Rd2 Ra3+
36.Kd4 Bd5 37.h5 g5 38.Nxb7 Bxb7 39.c6 Ba8 40.Ke5 gxf4 41.Kf6 f3 42.Rd7+ Kg8
43.c7 Bb7 44.Rd8+ Kh7 45.Rb8 Bc8 46.Rxc8 Rc3 47.b6  1-0

[Event "ch-UKR semi-final"]
[Site "Alushta UKR"]
[Date "2011.05.10"]
[Round "8.31"]
[White "Luzhinsky,V"]
[Black "Berezka,A"]
[Result "1-0"]
[WhiteElo "2362"]
[BlackElo "2142"]

1.d4 d5 2.c4 e6 3.Nc3 Nf6 4.Nf3 Be7 5.Bf4 c6 6.e3 Nbd7 7.Qc2 O-O 8.Rd1 Qa5
9.Nd2 c5 10.Bd3 cxd4 11.exd4 h6 12.O-O Nh5 13.Be3 dxc4 14.Nxc4 Qc7 15.d5 exd5
16.Nxd5 Qd8 17.Rfe1 Re8 18.Na3 Bxa3 19.bxa3 Re6 20.Bb5 Qa5 21.Nc7 Nf8 22.Nxa8 Qxb5
23.Qxc8 Re8 24.Nc7 Rxc8 25.Nxb5  1-0

[Event "ch-Euro Indiv Women"]
[Site "Tbilisi GEO"]
[Date "2011.05.10"]
[Round "4"]
[White "Savina,A"]
[Black "Mkrtchian,L"]
[Result "1/2-1/2"]
[WhiteElo "2389"]
[BlackElo "2468"]

1.d4 d5 2.c4 e6 3.Nc3 Be7 4.Nf3 Nf6 5.Bf4 O-O 6.e3 Nbd7 7.a3 c5 8.cxd5 Nxd5
9.Nxd5 exd5 10.dxc5 Nxc5 11.Be5 Bf5 12.Be2 a6 13.O-O Re8 14.Rc1 Be4 15.b4 Ne6
16.Nd2 Bg6 17.Nb3 Bf6 18.Bxf6 Qxf6 19.Qd2 Rad8 20.Rfd1 h6 21.Nd4  1/2-1/2

[Event "Sten Open"]
[Site "Hradec Kralove CZE"]
[Date "2011.05.13"]
[Round "7"]
[White "Fiedler,Be"]
[Black "Flasar,Jaroslav"]
[Result "0-1"]
[WhiteElo "2127"]
[BlackElo "1916"]

1.c4 e6 2.Nf3 Nf6 3.Nc3 d5 4.d4 Be7 5.Bf4 a6 6.e3 dxc4 7.Bxc4 b5 8.Bb3 Bb7
9.O-O Nbd7 10.Qe2 c5 11.Rfd1 Qb6 12.Bg3 O-O 13.e4 cxd4 14.Rxd4 Nc5 15.Bc2 b4
16.Na4 Nxa4 17.Bxa4 Bc5 18.Rc4 a5 19.Qc2 Rac8 20.Rc1 Bxe4 21.Rxe4 Nxe4 22.Qxe4 Bxf2+
23.Bxf2 Rxc1+ 24.Ne1 Qc7 25.Bc2 g6 26.h4 Rc8 27.Bb3 Qc6 28.Qxc6 R8xc6 29.Kh2 Ra6
30.Nd3 Rc8 31.Nc5 Rac6 32.Ne4 h6 33.Ba4 Rc1 34.Kg3 f5 35.Nf6+ Kf7 36.Nd7 g5
37.hxg5 hxg5 38.Bd4 Rd8 39.Bb6 Rh8 40.Ne5+ Kf6 41.Nc6 Kg6 42.Nxa5 Rf1 43.Bc2 Kh5
44.Bf2 f4+ 45.Kf3 g4+ 46.Ke2 Rxf2+ 47.Kxf2 Ra8 48.Nc4 Rxa2 49.Bb3 Ra1 50.Ne5 Kg5
51.Nd3 Kf5 52.Nxb4 g3+ 53.Ke2 e5 54.Bc2+ e4 55.Bd1 Kg4 56.Nc2 f3+ 57.Kd2 Rxd1+
58.Kxd1 fxg2  0-1

[Event "ch-Euro Indiv Women"]
[Site "Tbilisi GEO"]
[Date "2011.05.13"]
[Round "7"]
[White "Foisor,M"]
[Black "Sharevich,A"]
[Result "1/2-1/2"]
[WhiteElo "2220"]
[BlackElo "2378"]

1.d4 d5 2.c4 e6 3.Nc3 Be7 4.Nf3 Nf6 5.Bf4 O-O 6.e3 c5 7.dxc5 Bxc5 8.Qc2 Nc6
9.a3 Qa5 10.O-O-O Be7 11.g4 dxc4 12.Bxc4 a6 13.Ng5 g6 14.h4 Ne5 15.Be2 Nexg4
16.Nxh7 Kxh7 17.h5 Kg7 18.hxg6 fxg6 19.Rdg1 Qf5 20.Bd3 Qc5 21.Bxg6 Rh8 22.Rxh8 Kxh8
23.f3 Bd6 24.b4 Qc7 25.Bxd6 Qxd6 26.fxg4 Qe5 27.Qd3 Bd7 28.Qd4 Qxd4 29.exd4 Kg7
30.Bd3 Bc6 31.g5 Nh5 32.Be4 Bxe4 33.Nxe4 Nf4 34.Kd2 Rd8 35.Ke3 Nd5+ 36.Kd3 Nf4+
37.Ke3 Nd5+ 38.Kd3 Nf4+  1/2-1/2

[Event "TCh-HUN 2010-11"]
[Site "Paks HUN"]
[Date "2011.05.15"]
[Round "11"]
[White "Horvath,Cs1"]
[Black "Berkes,F"]
[Result "1/2-1/2"]
[WhiteElo "2529"]
[BlackElo "2678"]

1.d4 Nf6 2.c4 e6 3.Nf3 d5 4.Nc3 Be7 5.Bf4 O-O 6.e3 Nbd7 7.Qc2 dxc4 8.Bxc4 a6
9.a4 c5 10.dxc5 Nxc5 11.O-O b6 12.Rfd1 Qe8 13.b4 Ncd7 14.Ne4 Nxe4 15.Qxe4 Ra7
16.Bd6 Bb7 17.Qf4 Bc6 18.Bb3 Nf6 19.Bxe7 Rxe7 20.Ne5 Bb7 21.Qd4 Qa8 22.f3 Bd5
23.Bxd5 exd5 24.f4 Qb7 25.Rac1 Rfe8 26.b5 axb5 27.axb5 h5 28.h3 Nd7 29.Nxd7 Qxd7
30.Qxd5 Qxd5 31.Rxd5 h4 32.Rh5  1/2-1/2

[Event "ch-Euro Indiv Women"]
[Site "Tbilisi GEO"]
[Date "2011.05.17"]
[Round "10"]
[White "Savina,A"]
[Black "Pogonina,N"]
[Result "0-1"]
[WhiteElo "2389"]
[BlackElo "2448"]

1.d4 Nf6 2.c4 e6 3.Nf3 d5 4.Nc3 Be7 5.Bf4 O-O 6.e3 b6 7.Rc1 c5 8.cxd5 Nxd5
9.Nxd5 exd5 10.Be2 Nc6 11.dxc5 bxc5 12.O-O Be6 13.Qa4 Qb6 14.Rfd1 h6 15.Ne5 Nxe5
16.Bxe5 Rac8 17.Rd3 c4 18.Rdd1 Bc5 19.Kf1 Rfd8 20.Qc2 Qb7 21.Kg1 Qe7 22.Bd4 Bd6
23.Bf3 Rb8 24.g3 Rd7 25.e4 dxe4 26.Bxe4 Rbd8 27.Bc6 Rc7 28.Bf3 Rcd7 29.Bc3 Bc5
30.Rxd7 Rxd7 31.Rd1 Rxd1+ 32.Qxd1 Qg5 33.h4 Qe7 34.a3 Bb6 35.Be4 Qc5 36.Qd2 Bf5
37.Bxf5 Qxf5 38.Qe2 h5 39.Kg2 Kh7 40.Qf3 Qxf3+ 41.Kxf3 Kg6 42.Kg2 f6 43.f3 Kf5
44.Kh3 g6 45.Kg2 a6 46.Kh3 Ke6 47.Kg2 f5 48.Kf1 Kd5 49.Ke2 Bc7 50.Kf2 Bd6
51.Bg7 Kc5 52.Bc3 Kb5 53.Bf6 Ka4 54.f4 Bc5+ 55.Ke2 Kb3 56.Be5 a5 57.Bf6 a4
58.Be5 Kc2 59.Bf6 c3 60.bxc3 Bxa3 61.c4 Bc5 62.Be5 a3  0-1

[Event "DPMM Final"]
[Site "Baden Baden GER"]
[Date "2011.05.20"]
[Round "1.1"]
[White "Henrichs,T"]
[Black "Doettling,F"]
[Result "1/2-1/2"]
[WhiteElo "2469"]
[BlackElo "2585"]

1.d4 d5 2.c4 e6 3.Nc3 Be7 4.Nf3 Nf6 5.Bf4 O-O 6.e3 Nbd7 7.c5 Nh5 8.Bd3 Nxf4
9.exf4 b6 10.b4 a5 11.a3 c6 12.O-O Qc7 13.g3 Ba6 14.Bxa6 Rxa6 15.Qd3 Rfa8
16.Rab1 axb4 17.axb4 Ra3 18.Rfc1 Bf6 19.h4 h6 20.Kg2 bxc5 21.bxc5 Qa5 22.Ne5 Nxe5
23.fxe5 Bd8 24.Rb2 Bc7 25.Qc2 Rb8 26.Rxb8+ Bxb8 27.Qb2 Bc7 28.Rc2 Qa6 29.Rc1 Qa5
30.Rc2 Qa6 31.Rc1  1/2-1/2

[Event "DPMM Final"]
[Site "Baden Baden GER"]
[Date "2011.05.20"]
[Round "1.1"]
[White "Steingrimsson,H"]
[Black "Meier,Geo"]
[Result "1/2-1/2"]
[WhiteElo "2569"]
[BlackElo "2650"]

1.d4 Nf6 2.c4 e6 3.Nf3 d5 4.Nc3 Be7 5.Bf4 O-O 6.Rc1 c5 7.dxc5 Bxc5 8.e3 Nc6
9.a3 d4 10.exd4 Nxd4 11.b4 Nxf3+ 12.Qxf3 Bd4 13.Nb5 Re8 14.Bc7  1/2-1/2

[Event "XXVI Felix Cup"]
[Site "Baile Felix ROU"]
[Date "2011.05.21"]
[Round "3.15"]
[White "Besciu,V"]
[Black "Paul,Marius-Adrian"]
[Result "1-0"]
[WhiteElo "2200"]
[BlackElo "1820"]

1.d4 d5 2.Nf3 Nf6 3.c4 e6 4.Nc3 Be7 5.Bf4 c6 6.e3 h6 7.Bd3 Bd6 8.Ne5 O-O
9.O-O dxc4 10.Bxc4 Nd5 11.Bg3 f6 12.Ng6 Re8 13.e4 Bxg3 14.hxg3 Nb6 15.Bb3 Kh7
16.Qh5 N8d7 17.Ne2 Nf8 18.Nef4 Qxd4 19.Nxf8+ Rxf8 20.Qg6+ Kh8 21.Bxe6 Qe5
22.Bb3 Qg5 23.Qxg5  1-0

[Event "Serbian Cup 2011"]
[Site "Valjevo SRB"]
[Date "2011.05.21"]
[Round "6.2"]
[White "Tadic,Br"]
[Black "Abramovic,B"]
[Result "1/2-1/2"]
[WhiteElo "2493"]
[BlackElo "2467"]

1.c4 e6 2.Nc3 d5 3.d4 Be7 4.Nf3 Nf6 5.Bf4 O-O 6.e3 c5 7.dxc5 Bxc5 8.Qc2 Nc6
9.a3 Bd7 10.Rd1 Rc8 11.Be2 Be7 12.O-O dxc4 13.Bxc4 a6 14.Ng5 b5 15.Bd3 h6
16.Nh7 Nxh7 17.Bxh7+ Kh8 18.Rd2 b4 19.axb4 Nxb4 20.Qd1 Kxh7 21.Rxd7 Qe8 22.Rb7 Rd8
23.Qb3 Nd5 24.Be5 Bd6 25.Bxd6 Rxd6 26.Qa3 Qc6 27.Nxd5 Qxd5 28.Ra7 Qc6  1/2-1/2

[Event "Trophee Roza Lallemand"]
[Site "Chalons en Champagne FRA"]
[Date "2011.05.22"]
[Round "9.1"]
[White "Guichard,P"]
[Black "Maisuradze,N"]
[Result "1-0"]
[WhiteElo "2303"]
[BlackElo "2310"]

1.d4 d5 2.c4 e6 3.Nf3 Nf6 4.Nc3 Be7 5.Bf4 O-O 6.e3 c5 7.a3 cxd4 8.exd4 Nc6
9.Be2 dxc4 10.Bxc4 Bd7 11.O-O Rc8 12.Ba2 Be8 13.Re1 Nh5 14.Be3 Nf6 15.Rc1 Nd5
16.Nxd5 exd5 17.Qb3 Bf6 18.Qxd5 Qb6 19.Qb3 Qxb3 20.Bxb3 Rd8 21.Red1 Na5 22.Ba2 Ba4
23.Rd3 Rd7 24.b4 Nc6 25.d5 Bb2 26.Rb1 Ne5 27.Nxe5 Bxe5 28.Rd2 Bc3 29.Rd3 Be5
30.Bb3 Bb5 31.Rd2 Bc3 32.Rdd1 Be2 33.Rdc1 Bd3 34.Bc2 Bb5 35.Bxh7+ Kxh7 36.Rxc3 a6
37.Rd1 Rfd8 38.Rc5 Kg6 39.h3 b6 40.Rcc1 Rxd5 41.Rxd5 Rxd5 42.Bxb6 Rd3 43.Ra1  1-0

[Event "Serbian Cup 2011"]
[Site "Valjevo SRB"]
[Date "2011.05.22"]
[Round "7.8"]
[White "Desnica,V"]
[Black "Trickovic,B"]
[Result "0-1"]
[WhiteElo "2147"]
[BlackElo "2246"]

1.d4 d5 2.c4 e6 3.Nc3 Be7 4.Nf3 Nf6 5.Bf4 O-O 6.e3 a6 7.c5 Nh5 8.Bg3 f5 9.Ne5 g6
10.Be2 Nxg3 11.hxg3 Nc6 12.Nxc6 bxc6 13.Qa4 Bd7 14.Qa5 Bf6 15.f4 h5 16.Kf2 Kg7
17.a3 Rh8 18.Na2 Ra7 19.Nb4 Qe7 20.Qa4 a5 21.Nd3 Rha8 22.b4 axb4 23.Qxb4 Bc8
24.a4 Ba6 25.Nc1 Bc8 26.Bd3 Rb7 27.Qd2 Rba7 28.Qc2 Bd7 29.Ne2 Qe8 30.Nc3 Qg8
31.Be2 Kf7 32.Rab1 Qg7 33.Rb4 Rh8 34.Qb1 Ke7 35.Rh3 Bc8 36.Qd1 Bd7 37.Qe1 Rha8
38.Bd1 Rh8 39.Qe2 Rha8 40.Ke1 Rh8 41.Kd2 Rha8 42.Rh1 Rh8 43.Kc1 Rha8 44.Qb2 Ra5
45.Kc2 Qh8 46.Bf3 Bc8 47.Rb1 Kf7 48.Rb8 Bxd4 49.exd4 Qxd4 50.Rxa8 Rxa8 51.Qb4 Qf2+
52.Ne2 e5 53.fxe5 f4 54.e6+ Bxe6 55.Qxf4+ Bf5+ 56.Kd2 Qxc5 57.Qxc7+ Kf6 58.Rc1 Qb4+
59.Ke3 Re8+ 60.Kf2 Qxa4 61.Rxc6+ Kg5 62.Rb6 Qc4  0-1

[Event "XXX Zalakaros Open"]
[Site "Zalakaros HUN"]
[Date "2011.05.23"]
[Round "4"]
[White "Hrbolka,L sr"]
[Black "Porubszky Angyalosine,M"]
[Result "1-0"]
[WhiteElo "2111"]
[BlackElo "2045"]

1.d4 d5 2.c4 e6 3.Nc3 Be7 4.Nf3 Nf6 5.Bf4 c6 6.e3 Nbd7 7.cxd5 exd5 8.h3 O-O
9.Bd3 Re8 10.Qc2 Nf8 11.O-O Ng6 12.Bh2 Bd6 13.Bxd6 Qxd6 14.Rab1 b6 15.b4 Bb7
16.a4 Rec8 17.Rfc1 Ne7 18.Ne5 g6 19.f4 Kg7 20.Qf2 Ne8 21.g4 f6 22.Rf1 Nc7
23.Nf3 Ba6 24.b5 cxb5 25.axb5 Bb7 26.g5 f5 27.Ne5 Ne6 28.Qb2 Rc7 29.Rfc1 Rac8
30.Ne2 Rxc1+ 31.Rxc1 Rxc1+ 32.Qxc1 Nc7 33.Qc3 a5 34.bxa6 Bxa6 35.Nc1 Bxd3
36.Ncxd3 Nb5 37.Qb3 Nc7 38.Qa4 b5 39.Qa7 Nc8 40.Qb7 Ne7 41.Nc5  1-0

[Event "84th ch-St Petersburg"]
[Site "St Petersburg RUS"]
[Date "2011.05.24"]
[Round "4"]
[White "Klimov,S"]
[Black "Usmanov,V"]
[Result "1-0"]
[WhiteElo "2503"]
[BlackElo "2289"]

1.d4 d5 2.c4 e6 3.Nc3 Be7 4.Nf3 Nf6 5.Bf4 O-O 6.e3 c5 7.dxc5 Bxc5 8.Qc2 Nc6
9.a3 Qa5 10.Nd2 Bb4 11.cxd5 Nxd5 12.Nxd5 exd5 13.Rc1 Bxd2+ 14.Qxd2 Qxd2+
15.Kxd2 Bf5 16.Rc5 Rfd8 17.Be2 Rac8 18.Rhc1 f6 19.g4 Be6 20.h4 h6 21.f3 Kf7
22.Bb5 Ne7 23.Rc7 a6 24.Ba4 b5 25.Bd1 g5 26.Bg3 Rxc7 27.Rxc7 Rd7 28.Rc5 f5
29.hxg5 hxg5 30.Be5 fxg4 31.fxg4 Ng8 32.Rc6 Nh6 33.Rxa6 Nxg4 34.Rxe6  1-0

[Event "Zonal 3.3"]
[Site "Tagaytay City PHI"]
[Date "2011.05.24"]
[Round "1"]
[White "Nguyen Huynh Minh Huy"]
[Black "Kaisar,J"]
[Result "1/2-1/2"]
[WhiteElo "2464"]
[BlackElo "2258"]

1.d4 Nf6 2.Nf3 e6 3.c4 d5 4.Nc3 Be7 5.Bf4 O-O 6.e3 c5 7.dxc5 Bxc5 8.cxd5 Nxd5
9.Nxd5 exd5 10.Bd3 Bb6 11.O-O Nc6 12.Ne5 Nxe5 13.Bxe5 Qg5 14.Bc3 Bg4 15.Be2 Bxe2
16.Qxe2 Rad8 17.Rad1 Rfe8 18.Bd4 Bxd4 19.Rxd4 Re4 20.Rfd1 Rxd4 21.Rxd4 Qf5
22.Qd1 Rc8 23.g3 Qc2 24.Rxd5 h6 25.Qxc2 Rxc2 26.Rd8+ Kh7 27.Rd7 Rxb2 28.Rxf7 a5
29.a4 Kg6 30.Rc7 Kf6 31.Kg2 g5 32.Rc5 b6 33.Rc6+ Kg7 34.g4 Rb4 35.Kg3 Kh7
36.h4 h5 37.gxh5 gxh4+ 38.Kh3 Rxa4 39.Rxb6 Rb4 40.Ra6 a4 41.f4 Re4 42.Kxh4 Rxe3
43.Rxa4 Re1 44.Ra7+ Kh6 45.Ra6+ Kg7 46.Kg5 Rg1+ 47.Kf5 Rh1 48.Rg6+ Kf7 49.Rg5 Rh2
50.Kg4 Rh1 51.Ra5 Kg7 52.Kg5 Rg1+ 53.Kf5 Rh1 54.Ra7+ Kh6 55.Ra6+ Kg7 56.Rg6+ Kf7
57.Rg5 Rh2 58.Ke4 Re2+ 59.Kf3 Rh2 60.Re5 Rh1 61.Kg4 Kf6 62.Rf5+ Kg7 63.Rd5 Rg1+
64.Kf5 Rh1 65.Ke6 Kh6 66.Re5 Ra1 67.Rg5 Ra6+ 68.Kf5 Ra1 69.Rg8 Kh7 70.Rg6 Rh1
71.Kg5 Rg1+ 72.Kf6 Rh1 73.h6 Ra1 74.f5 Ra2 75.Ke5 Re2+ 76.Kf4 Rf2+ 77.Ke4 Re2+
78.Kf3 Rh2 79.Kf4 Rf2+ 80.Ke4 Re2+ 81.Kd5 Rd2+ 82.Ke5 Re2+ 83.Kd6 Rf2 84.Ke6 Ra2
85.Kf7 Ra7+ 86.Kf6 Ra2 87.Ke6 Ra6+ 88.Kf7 Ra7+ 89.Kf6 Ra2 90.Ke5 Re2+ 91.Kd6 Rf2
92.Rf6 Ra2 93.Ke6 Ra6+ 94.Ke7 Ra7+ 95.Kf8 Ra8+ 96.Kf7 Ra7+ 97.Kf8 Ra8+ 98.Kf7 Ra7+
99.Ke6 Ra6+ 100.Ke5 Ra7 101.Re6 Ra5+ 102.Kf6 Ra1 103.Re2 Ra3 104.Rd2 Ra1
105.Rc2 Ra3 106.Rb2 Ra1 107.Re2 Ra3 108.Kg5 Rg3+ 109.Kf6 Ra3 110.Rh2 Ra1
111.Kg5 Rg1+ 112.Kf6 Ra1 113.Rh4 Ra2 114.Rh1 Ra3 115.Kg5 Ra2 116.f6 Ra5+
117.Kf4 Ra4+ 118.Kf5 Ra5+ 119.Ke6 Ra6+ 120.Ke7 Ra7+ 121.Kd8  1/2-1/2

[Event "ch-Siberia Men"]
[Site "Barnaul RUS"]
[Date "2011.05.26"]
[Round "7"]
[White "Ivakhinova,I"]
[Black "Puraev,A"]
[Result "1/2-1/2"]
[WhiteElo "2326"]
[BlackElo "2220"]

1.d4 d5 2.c4 e6 3.Nf3 Nf6 4.Nc3 Be7 5.Bf4 O-O 6.e3 c5 7.dxc5 Bxc5 8.Qc2 Nc6
9.Rd1 Qa5 10.Be2 Bb4 11.O-O Bxc3 12.bxc3 Qc5 13.Nd2 dxc4 14.Bxc4 Nd5 15.Bg3 h6
16.e4 Nb6 17.Bd3 e5 18.Nb3 Qe7 19.f3 Be6 20.Bf2 Nd7 21.Qe2 Rac8 22.Rd2 Rfd8
23.Rfd1 b6 24.Bc4 Bxc4 25.Qxc4 Nf6 26.Kf1 Rxd2 27.Rxd2 Qe6 28.Qxe6 fxe6 29.Ke2 Kf7
30.Kd3 Ke7 31.c4 Nd7 32.Kc3 Nd8 33.a4 Nb7 34.Ra2 Nd6 35.Nd2 Nc5 36.a5 b5
37.Bxc5 Rxc5 38.Kb4 Rc8 39.c5 Nb7 40.Kxb5 Rxc5+ 41.Ka6 Nd6 42.Kxa7 Kd7 43.Rb2 Kc7
44.a6 Rc6 45.Ra2 Nc8+ 46.Ka8 Nb6+  1/2-1/2